000 00790nam0a22002531 4500
001 rc\3626793
005 20130115144554.2
021 _aRU
_bРг4515-72
021 _aRU
_b72-10606
035 _a(NLR Aleph) 007721040
090 _a6951614
_c6951614
100 _a20130115d1972 |||y0rusy50 ca
101 0 _arus
102 _aRU
105 _ay z |||||
200 1 _aПосле меня
_eЛирич. сцены в 2 актах
_fОтд. распространения драм. произведений ВУОАП
210 _aМосква
_cБ. и.
_d1972
215 _a73 л.
_d28
700 1 _aМатушкин
_bВ. С.
_f1906-1989
_gВасилий Семенович
801 0 _aRU
_bNLR
_gpsbo
801 1 _aRU
_bELAR
_2rusmarc
852 _aNLR
_j72-8/406
942 _cBOOK
980 _aNB